Nihon keizai no minshuteki kaikaku to shakai shugi no tenbō / [hensha Kōza Konnichi no Nihon Shihon Shugi Henshū Iinkai ; honkan tantō hensyū iin Okishio Nobuo, Nozawa Masanori].

Saved in:
Bibliographic Details
Other Authors: Okishio, Nobuo, 1927-, Nozawa, Masanori, 1935-
Format: Book
Language:Japanese
Published: Tōkyō : Ōtsuki Shoten, 1982.
Series:Kōza konnichi no Nihon shihon shugi ; dai 10-kan.
Subjects:
Tags: Add Tag
No Tags, Be the first to tag this record!
LEADER 01565nam a2200361 a 4500
001 007765577-X
005 20024617115255.0
008 830119s1982 ja a b 000 0 jpn
010 |a 83107542 /AJ 
020 |c Y2000 
035 0 |a ocm17082179 
040 |a DLC  |c DLC  |d NcD  |d OCoLC  |d CLU  |d *YNH*  |d CStRLIN 
043 |a a-ja--- 
050 0 |a HC462  |b .N5223 1982 
245 0 0 |6 880-01  |a Nihon keizai no minshuteki kaikaku to shakai shugi no tenbō /  |b [hensha Kōza Konnichi no Nihon Shihon Shugi Henshū Iinkai ; honkan tantō hensyū iin Okishio Nobuo, Nozawa Masanori]. 
260 |6 880-02  |a Tōkyō :  |b Ōtsuki Shoten,  |c 1982. 
300 |a xvi, 349 p. :  |b ill. ;  |c 22 cm. 
490 1 |6 880-03  |a Kōza konnichi no Nihon shihon shugi ;  |v dai 10-kan 
504 |a Includes bibliographical references. 
651 0 |a Japan  |x Economic policy. 
650 0 |a Socialism  |z Japan. 
650 0 |a Socialism. 
700 1 |6 880-04  |a Okishio, Nobuo,  |d 1927- 
700 1 |6 880-05  |a Nozawa, Masanori,  |d 1935- 
880 0 0 |6 245-01  |a 日本経済の民主的改革と社会主義の展望 /  |c [編者講座今日の日本資本主義編集委員会; 本卷担当編集委員置塩信雄, 野澤正德]. 
880 |6 260-02  |a 東京 :  |b 大月書店,  |c 1982. 
880 1 |6 490-03  |a 講座今日の日本資本主義 ;  |v 第10卷 
880 1 |6 700-04  |a 置塩信雄,  |d 1927- 
880 1 |6 700-05  |a 野澤正德,  |d 1935- 
830 0 |6 880-53  |a Kōza konnichi no Nihon shihon shugi ;  |v dai 10-kan. 
880 0 |6 830-53  |a 講座今日の日本資本主義 ;  |v 第10卷. 
988 |a 20021209 
906 |0 DLC